000 00759nam a2200229Ia 4500
003 OSt
005 20220923212321.0
006 a|||||r|||| 00| 0
007 ta
008 220922b |||||||| |||| 00| 0 hin d
024 _a152,199
037 _cTextual
040 _aARTS
_cARTS
_bhin
041 _2hin
_ahin
082 _a/\25xJ32:1, 152K5
100 _aगोस्वामी, रूप
_9156358
245 0 _aभक्तिरसामृत सिन्धु, श्यामनारायण पाडेय अनु
246 _aBhaktirasāmṛut sindhu, shyāhinārāyaṇ pāḍeya anu0
260 _c1965
942 _h/\25xJ32:1, 152K5
_cTEXL
_2CC
999 _c307848
_d307848